<?xml version="1.0" encoding="UTF-8"?>
<record
    xmlns:xsi="http://www.w3.org/2001/XMLSchema-instance"
    xsi:schemaLocation="http://www.loc.gov/MARC21/slim http://www.loc.gov/standards/marcxml/schema/MARC21slim.xsd"
    xmlns="http://www.loc.gov/MARC21/slim">

  <leader>00345nam a2200133Ia 4500</leader>
  <controlfield tag="008">230627s9999    xx            000 0 und d</controlfield>
  <datafield tag="041" ind1=" " ind2=" ">
    <subfield code="a">mar</subfield>
  </datafield>
  <datafield tag="082" ind1=" " ind2=" ">
    <subfield code="a">345.05</subfield>
    <subfield code="b">RAN</subfield>
  </datafield>
  <datafield tag="100" ind1=" " ind2=" ">
    <subfield code="a">Ranchhoddas R </subfield>
  </datafield>
  <datafield tag="245" ind1=" " ind2=" ">
    <subfield code="a">Code Of Criminal Procedure</subfield>
  </datafield>
  <datafield tag="260" ind1=" " ind2=" ">
    <subfield code="a">Nagpur</subfield>
    <subfield code="b">Wadhawa And Company</subfield>
    <subfield code="c">2004</subfield>
  </datafield>
  <datafield tag="700" ind1=" " ind2=" ">
    <subfield code="a">  Ratanlal R. </subfield>
  </datafield>
  <datafield tag="700" ind1=" " ind2=" ">
    <subfield code="a"> Thakore D. K. </subfield>
  </datafield>
  <datafield tag="999" ind1=" " ind2=" ">
    <subfield code="c">687397</subfield>
    <subfield code="d">687397</subfield>
  </datafield>
  <datafield tag="952" ind1=" " ind2=" ">
    <subfield code="0">0</subfield>
    <subfield code="1">0</subfield>
    <subfield code="4">0</subfield>
    <subfield code="7">0</subfield>
    <subfield code="8">LLB</subfield>
    <subfield code="a">NLP</subfield>
    <subfield code="b">NLP</subfield>
    <subfield code="c">NLP-32</subfield>
    <subfield code="d">2005-03-31</subfield>
    <subfield code="g">360.00</subfield>
    <subfield code="l">0</subfield>
    <subfield code="o">345.05 RAN</subfield>
    <subfield code="p">NLP-N08191</subfield>
    <subfield code="r">2023-07-17 00:00:00</subfield>
    <subfield code="w">2023-07-17</subfield>
    <subfield code="y">BK</subfield>
  </datafield>
</record>
